Statistics for Harry Potter General Knowledge Hard

Click here to take the quiz!

General Stats

  • This quiz has been taken 53 times
  • The average score is 13 of 18

Answer Stats

HintAnswer% Correct
What animal can Rita Skeeta turn into?A beetle
93%
What does Harry win from Slughorns lesson?liquid luck
93%
Which is the 2nd horcrux destroyed?Ring
91%
Who kills Lavender Brown?Fenrir Greyback
89%
What is the name of the jokes shop in Hogsmeade?zonko's
86%
What does Dudleys gang call him?Big D
84%
What is Fleur's sister called?gabrielle delacour
84%
What type of dragon does Harry fight due to the Triwizard cup?Hungarian Horntail
84%
Who does the necklace (given by Draco Malfoy) curse?Katie Bell
84%
What is the name of the women hung over the table at voldemort's meeting?Charity Burbage
82%
Who is the driver of the knightbus?Ernie Prang
80%
What does Slughorn want from Aragog (King of the Arachnid)?acromantula venom
73%
Who looked after Harry when the Dursleys go out?Mrs Figg
73%
How did Peter Pettigrew die?Strangling from his own hand
70%
Who grabs onto Hermione's foot during the escape from the ministry?Yaxley
59%
What do Crabbe and Goyle disguise themselves as when on lookout for Umbridge?Girls
48%
What is Lockharts book called?Magical Me
41%
What does Molly give Harry to eat before they start their 6th year?onion soup
27%

Score Distribution

Percentile by Number Answered

Percent of People with Each Score

Your Score History

You have not taken this quiz